| 000 | 00411nam a2200157Ia 4500 | ||
|---|---|---|---|
| 008 | 221030s9999 xx 000 0 und d | ||
| 020 | _a8121905893 | ||
| 041 | _aEnglish | ||
| 082 |
_a105.23 _bKap |
||
| 100 | _aA. N. Kapoor | ||
| 245 | 2 |
_aA Guide to Business Correspondence & Communication Skills _cby A. N. Kapoor |
|
| 260 |
_bS.Chand & Co. _aNew Delhi _c2000 |
||
| 300 | _a363 | ||
| 650 | _aEnglish | ||
| 942 | _cBK | ||
| 999 |
_c75 _d75 |
||